00968nam a2200277 a 450000100060000000300080000600500170001400800410003103500350007203500190010704000470012604100080017306000230018108200230020410000390022724500400026626000480030630000300035450400270038465000380041165000260044965000380047594200120051399900170052595201480054274809BD-RjUL20211209082615.0181208s1960 nyua b 000 0 eng  aOCLC ocm00416578 from D971020M a(BD-RjUL)75027 aDLCcDLCdCIMdUKMdNLMdEQOdBD-RjULbeng aeng00aQV 744bB954m 196000223a615.7 bBUM 191 aBurger, Alfred,d1905-2000922568710aMedicinal chemistry/cAlfred Burger aNew York :bInterscience Publishers,c1960. a642 p.[?]billus.c26 cm. aIncludes bibliography. 0aPharmaceutical chemistry.9225688 0aChemotherapy.9225689 2aChemistry, Pharmaceutical9225690 2ddccBK c74809d74809 00102ddc40718NFICaRUCLbRUCLcReadingd1961-01-25eLahore Mirza Bookg137.50l0o615.7 BUM 1960r2018-12-08 00:00:00tC-1w2018-12-08yBK